La energía humana

Guardat en:
Dades bibliogràfiques
Autor principal: Teilhard de Chardin, Pierre (Autor)
Format: Llibre
Idioma:espanyol
Publicat: Madrid Taurus 1967
Edició:2a. ed
Col·lecció:Ensayistas de Hoy, 34
Matèries:
Etiquetes: Afegir etiqueta
Sense etiquetes, Sigues el primer a etiquetar aquest registre!

MARC

LEADER 00000cam a2200000 a 4500
001 UCT4334
003 CL-VaPUC
008 961108e19670000SP |||||||||||||||||spa|d
082 0 4 |a 118  |b TEI  |2 21 
100 0 |a Teilhard de Chardin, Pierre  |e author  |9 315457 
245 1 3 |a La energía humana 
250 |a 2a. ed 
300 |a 201 p 
942 |c BK 
945 |d 19961108 00:00:00  |a aalvarez 
260 |a Madrid  |b Taurus  |c 1967 
600 0 |a Dios  |9 314467 
650 0 |a Naturaleza humana   |9 308593 
650 7 |a HOMBRE  |2 CL-VaPUC  |9 262149 
650 0 |a Energía   |9 259431 
650 0 |a Desarrollo individual   |9 307875 
650 0 |a Experiencia religiosa  |9 315549 
583 |a last modification  |c 20140630 09:01:16  |k Rodrigo Vera 
490 0 |a Ensayistas de Hoy, 34 
999 |c 253735  |d 253733 
952 |0 0  |1 1  |2 ddc  |4 0  |6 118_000000000000000_TEI_1967  |7 0  |8 A  |9 274794  |a BIBTEO  |b BIBTEO  |d 2019-11-19  |i 2023172  |o 118 TEI 1967  |p 2023172  |r 2019-11-19  |w 2019-11-19  |y BK  |k ICR 
952 |0 0  |1 0  |3 erb  |4 0  |6 118_000000000000000_TEI_1967  |7 0  |8 A  |9 274795  |a BIBTEO  |b BIBTEO  |i 5085292  |o 118 TEI 1967  |p 5085292  |r 2025-01-17  |w 2019-11-19  |y BK  |z Catalogado en:20140703  |k ICR